[Event "XV Konik Morski Rewala - Open B"]
[Site "Rewal"]
[Date "2010.08.24"]
[Round "5.8"]
[White "Szydlowski, Kazimierz"]
[Black "Szmidt, Przemyslaw"]
[Result "1/2-1/2"]
[WhiteElo "1906"]
[BlackElo "2033"]
[PlyCount "126"]
[EventDate "2010.??.??"]

1. e4 c5 2. Nf3 Nf6 3. e5 Nd5 4. c4 Nb6 5. b3 g6 6. Bb2 Bg7 7. d4 cxd4 8. c5
Nd5 9. Qxd4 Nc7 10. Bc4 Nc6 11. Qd2 Ne6 12. Bxe6 dxe6 13. Qxd8+ Nxd8 14. Nbd2
Nc6 15. a3 O-O 16. O-O-O b6 17. cxb6 axb6 18. Nc4 Na5 19. Nxa5 bxa5 20. Bc3 Bb7
21. Rd7 Bd5 22. Nd2 Bxg2 23. Rg1 Bd5 24. Rxe7 Rfc8 25. Kb2 Bf8 26. Rd7 Bxa3+
27. Kxa3 Rxc3 28. Rg3 Rc2 29. Rd3 a4 30. bxa4 Ra2+ 31. Kb4 R8xa4+ 32. Kc5 Ra5+
33. Kd6 Ra6+ 34. Ke7 Ra7 35. Rxa7 Rxa7+ 36. Kf6 Ra4 37. f3 Rf4+ 38. Ke7 Kg7 39.
Rc3 Rh4 40. Nf1 Rh3 41. Ne3 Bxf3 42. Rc8 Bh5 43. Nc4 Rc3 44. Nd6 Rxc8 45. Nxc8
g5 46. Nd6 Bg6 47. Ne8+ Kh6 48. Nd6 Kh5 49. Nxf7 Kg4 50. Nh6+ Kh5 51. Nf7 Kg4
52. Kxe6 Kf4 53. Nh6 g4 54. Kf6 Be8 55. e6 Ba4 56. e7 Be8 57. Kg7 Kg5 58. Kxh7
Kf6 59. Nxg4+ Kxe7 60. Kg7 Bh5 61. h3 Ke6 62. Kh6 Be8 63. h4 Kf5 1/2-1/2

[Event "XV Konik Morski Rewala - Open B"]
[Site "Rewal"]
[Date "2010.08.24"]
[Round "5.9"]
[White "Karcz, Bartlomiej"]
[Black "Ostrowska, Dominika"]
[Result "1-0"]
[WhiteElo "1988"]
[BlackElo "1930"]
[PlyCount "127"]
[EventDate "2010.??.??"]

1. e4 c5 2. Nf3 d6 3. d4 cxd4 4. Nxd4 Nf6 5. Nc3 a6 6. Bc4 e6 7. Bb3 Nbd7 8. f4
Qc7 9. f5 Nc5 10. fxe6 fxe6 11. O-O Be7 12. Qf3 Nxb3 13. axb3 Bd7 14. Be3 O-O
15. Qh3 Kh8 16. g4 g6 17. g5 Nh5 18. Nxe6 Qc8 19. Bd4+ Kg8 20. Nd5 Re8 21. Nb6
Bxe6 22. Qe3 Qd8 23. Nxa8 Bxg5 24. Qf3 Qxa8 25. Ra5 Qd8 26. b4 Nf4 27. Kh1 Rf8
28. Be3 Bh6 29. Bxf4 Rxf4 30. Qe2 Rxf1+ 31. Qxf1 Qh4 32. Qe2 Bg4 33. Qc4+ Kh8
34. Ra3 Bf4 35. h3 Qe1+ 36. Kg2 Qd2+ 37. Kf1 Qd1+ 38. Kf2 Qd2+ 39. Kf1 Qd1+ 40.
Kf2 Qd2+ 41. Kf1 Be3 42. Qc3+ Qxc3 43. Rxc3 Bxh3+ 44. Ke2 Bd4 45. Rxh3 Bxb2 46.
Rd3 Be5 47. c4 b6 48. Ra3 a5 49. bxa5 bxa5 50. Rxa5 Kg7 51. Ra7+ Kh6 52. Kf3 g5
53. Re7 Kg6 54. c5 Bf6 55. Re6 dxc5 56. e5 Kf5 57. Rxf6+ Kxe5 58. Rh6 Kd4 59.
Ke2 Kc3 60. Rxh7 c4 61. Rg7 Kb2 62. Rxg5 c3 63. Rc5 c2 64. Kd2 1-0

[Event "XV Konik Morski Rewala - Open B"]
[Site "Rewal"]
[Date "2010.08.24"]
[Round "5.10"]
[White "Snihur, Piotr"]
[Black "Botor, Michal"]
[Result "1/2-1/2"]
[WhiteElo "1731"]
[BlackElo "1987"]
[PlyCount "75"]
[EventDate "2010.??.??"]

1. e4 c5 2. Nf3 e6 3. Nc3 d5 4. exd5 exd5 5. d4 c4 6. Be2 Nf6 7. O-O Be7 8. Ne5
O-O 9. Bf4 Bf5 10. Bf3 Nc6 11. Re1 Re8 12. a3 Qa5 13. g4 Be6 14. g5 Nxe5 15.
dxe5 Nd7 16. Nxd5 Rad8 17. Nxe7+ Rxe7 18. Qd6 Rde8 19. Qb4 b6 20. Re2 Bf5 21.
Rae1 Qxb4 22. axb4 Nf8 23. Be4 Bg6 24. Bxg6 hxg6 25. Kf1 Ne6 26. Be3 Nc7 27. f4
Nd5 28. Bd2 Re6 29. Re4 b5 30. Rd4 Nb6 31. Ra1 Ra8 32. Kf2 Kf8 33. Be3 Ke7 34.
Rdd1 Rc6 35. Ra6 Re6 36. Rda1 Nd5 37. Rxe6+ Kxe6 38. Bd4 1/2-1/2

[Event "XV Konik Morski Rewala - Open B"]
[Site "Rewal"]
[Date "2010.08.24"]
[Round "5.11"]
[White "Czernicki, Bogdan"]
[Black "Gorol, Jacek"]
[Result "1-0"]
[WhiteElo "1960"]
[BlackElo "1684"]
[PlyCount "141"]
[EventDate "2010.??.??"]

1. d4 g6 2. e4 d6 3. f4 Bg7 4. Nf3 Nf6 5. Bd3 Nc6 6. c3 Bg4 7. O-O O-O 8. d5
Nb8 9. Qb3 b6 10. a4 a5 11. Be3 Na6 12. Bxa6 Rxa6 13. Nbd2 Ra8 14. Nd4 Bd7 15.
h3 Rb8 16. c4 Qc8 17. Kh2 c5 18. dxc6 Bxc6 19. Nxc6 Qxc6 20. Qd3 Nd7 21. Ra2
Nc5 22. Qc2 Ne6 23. b3 f5 24. Qd3 Kh8 25. Qd5 Qc8 26. Rf3 fxe4 27. Nxe4 Rf5 28.
Qd3 Nc5 29. Nxc5 dxc5 30. Qe4 Qc7 31. Rd2 e5 32. g3 Rbf8 33. Rd5 g5 34. g4 R5f7
35. f5 Bf6 36. Bd2 h5 37. Kg2 Rh7 38. Bc3 Re8 39. Rfd3 hxg4 40. hxg4 Qb7 41.
Rh3 Rxh3 42. Kxh3 Kg8 43. Kg3 Kf7 44. Qh1 Rh8 45. Qd1 Qb8 46. Rd7+ Ke8 47. Qd6
Qxd6 48. Rxd6 Bd8 49. Bxe5 Rh1 50. Rd3 Re1 51. Bd6 Re2 52. Kf3 Rc2 53. Ke4 Bf6
54. Bc7 Rg2 55. Kf3 Rc2 56. Bxb6 Bd4 57. Bxa5 Kd7 58. Bd2 Kc6 59. Bxg5 Rf2+ 60.
Kg3 Rf1 61. Bf4 Rg1+ 62. Kh4 Rf1 63. Kg5 Re1 64. Kg6 Re4 65. Rf3 Kd7 66. g5 Re8
67. Rd3 Ke7 68. f6+ Ke6 69. Be3 Ke5 70. Bxd4+ cxd4 71. Kf7 1-0

[Event "XV Konik Morski Rewala - Open B"]
[Site "Rewal"]
[Date "2010.08.24"]
[Round "5.12"]
[White "Kardasz, Wladyslaw"]
[Black "Dowgird, Filip"]
[Result "1/2-1/2"]
[WhiteElo "1874"]
[BlackElo "2096"]
[PlyCount "94"]
[EventDate "2010.??.??"]

1. e4 e6 2. Nf3 d5 3. Nc3 Nf6 4. exd5 exd5 5. d4 Bb4 6. a3 Bxc3+ 7. bxc3 O-O 8.
Be2 Ne4 9. Bb2 Nc6 10. O-O Na5 11. Re1 Bf5 12. Bd3 Qf6 13. Re3 Rfe8 14. Qe2 Nd6
15. Ne5 g6 16. Re1 Qh4 17. c4 dxc4 18. Bxc4 Rxe5 19. Bxf7+ Nxf7 20. dxe5 Be6
21. Qb5 b6 22. Re4 Qe7 23. Bc3 c6 24. Qe2 Nb7 25. Bb4 c5 26. Bc3 Nbd8 27. Re3
Nc6 28. Qf3 Rc8 29. g3 Nh6 30. Qf4 Nf5 31. Rd3 Nfd4 32. Bxd4 Nxd4 33. c3 Rf8
34. Qe4 Nc2 35. Red1 Nxa3 36. f4 Nc4 37. Qc6 Rc8 38. Rd8+ Rxd8 39. Rxd8+ Qxd8
40. Qxe6+ Kg7 41. Qxc4 Qd1+ 42. Kg2 Qd2+ 43. Kh3 Qd7+ 44. Kg2 Qc6+ 45. Kh3 b5
46. Qd3 a5 47. Qd8 Qe6+ 1/2-1/2

[Event "XV Konik Morski Rewala - Open B"]
[Site "Rewal"]
[Date "2010.08.24"]
[Round "5.13"]
[White "Nowak, Ryszard"]
[Black "Prazmowski, Bartosz"]
[Result "1-0"]
[WhiteElo "2091"]
[BlackElo "1893"]
[PlyCount "55"]
[EventDate "2010.??.??"]

1. c4 c6 2. e4 d5 3. cxd5 cxd5 4. exd5 Qxd5 5. Nc3 Qa5 6. d4 Nf6 7. Bc4 e6 8.
Nf3 Bb4 9. Bd2 O-O 10. O-O Qc7 11. Qb3 Bxc3 12. Bxc3 Nc6 13. Rac1 a6 14. Rfd1
Na5 15. Bxa5 Qxa5 16. Ne5 Nd7 17. Bxe6 Nxe5 18. Bxc8 Ng6 19. Qxb7 Nf4 20. Qxa8
Ne2+ 21. Kh1 Qxa2 22. Ra1 Qxb2 23. Qb7 Qc3 24. Bg4 Nf4 25. Rac1 Qa5 26. d5 h5
27. Bf3 h4 28. Qc7 1-0

[Event "XV Konik Morski Rewala - Open B"]
[Site "Rewal"]
[Date "2010.08.24"]
[Round "5.14"]
[White "Janus, Przemyslaw"]
[Black "Cichy, Kamil"]
[Result "1-0"]
[WhiteElo "2085"]
[BlackElo "1900"]
[PlyCount "53"]
[EventDate "2010.??.??"]

1. d4 Nf6 2. c4 c5 3. d5 b5 4. cxb5 a6 5. b6 e6 6. Nc3 Nxd5 7. Nxd5 exd5 8.
Qxd5 Nc6 9. e4 Be7 10. Nf3 Rb8 11. Bc4 O-O 12. O-O Rxb6 13. Qh5 h6 14. Rd1 Qc7
15. b3 Bf6 16. Rb1 Ne5 17. Nxe5 Bxe5 18. Rd3 Bb7 19. f3 Rf6 20. Be3 Bf4 21.
Bxf4 Rxf4 22. Rbd1 Bc6 23. Qxc5 g5 24. Rd6 Rh4 25. g3 Rh5 26. Rg6+ Kh7 27. Qxf8
1-0

[Event "XV Konik Morski Rewala - Open B"]
[Site "Rewal"]
[Date "2010.08.24"]
[Round "5.15"]
[White "Majdan, Damian"]
[Black "Tobolski, Jakub"]
[Result "0-1"]
[WhiteElo "1846"]
[BlackElo "2073"]
[PlyCount "84"]
[EventDate "2010.??.??"]

1. Nf3 Nf6 2. b3 d6 3. d4 g6 4. Bb2 Bg7 5. Nbd2 Nbd7 6. e3 O-O 7. Be2 Re8 8.
O-O e5 9. c4 e4 10. Ne1 c6 11. Rc1 d5 12. cxd5 cxd5 13. Qc2 Nf8 14. Qc7 Qxc7
15. Rxc7 Ne6 16. Rc1 Bd7 17. Ba3 a5 18. Bd6 a4 19. b4 Rec8 20. Nc2 Rc6 21. Be5
Rac8 22. Bd1 Nc7 23. Bxc7 R6xc7 24. Nb1 Bb5 25. Re1 Bd3 26. Nba3 Bf8 27. Ra1
Nd7 28. f4 Nb8 29. b5 Nd7 30. Kf2 Nb6 31. f5 Nc4 32. b6 Nxb6 33. Rh1 Nd7 34.
fxg6 hxg6 35. h4 b5 36. h5 b4 37. hxg6 fxg6 38. Bg4 Bxc2 39. Nxc2 Rxc2+ 40. Kg3
Bd6+ 41. Kh4 Rd8 42. Kg5 Kg7 0-1

[Event "XV Konik Morski Rewala - Open B"]
[Site "Rewal"]
[Date "2010.08.24"]
[Round "5.16"]
[White "Dzierzak, Radoslaw"]
[Black "Szydlowska-Duda, Marta"]
[Result "1-0"]
[WhiteElo "1608"]
[BlackElo "2063"]
[PlyCount "69"]
[EventDate "2010.??.??"]

1. e4 d5 2. exd5 Qxd5 3. Nc3 Qa5 4. d4 Nf6 5. Bc4 Bf5 6. Bd2 c6 7. Nd5 Qd8 8.
Nxf6+ gxf6 9. Nf3 e6 10. Bb3 Qc7 11. Qe2 Nd7 12. Nh4 Bg6 13. Nxg6 hxg6 14. h4
O-O-O 15. O-O-O Nb6 16. c3 Bh6 17. Bxh6 Rxh6 18. Qf3 f5 19. Rde1 Rdh8 20. g3
Nd7 21. Kb1 Nf6 22. Bc2 Ng4 23. c4 Rd8 24. Rd1 Qb6 25. Qf4 Rhh8 26. Rhe1 Rd7
27. f3 Nf6 28. Qe5 Qd8 29. Re3 Nh5 30. f4 b6 31. Ba4 Kb7 32. d5 exd5 33. cxd5
Rxd5 34. Bxc6+ Kxc6 35. Rxd5 1-0

[Event "XV Konik Morski Rewala - Open B"]
[Site "Rewal"]
[Date "2010.08.24"]
[Round "5.35"]
[White "Matuszczyk, Przemyslaw"]
[Black "Nun, Grzegorz"]
[Result "1-0"]
[WhiteElo "2059"]
[BlackElo "1721"]
[PlyCount "97"]
[EventDate "2010.??.??"]

1. e4 c5 2. Nf3 d6 3. d4 cxd4 4. Qxd4 Nc6 5. Bb5 Bd7 6. Bxc6 Bxc6 7. Nc3 Nf6 8.
Bg5 e5 9. Qd3 Be7 10. O-O-O Qc7 11. Kb1 O-O-O 12. Qe2 Kb8 13. Rhe1 h6 14. Bc1
Rhe8 15. Nd5 Nxd5 16. exd5 Bd7 17. c4 Bf5+ 18. Ka1 Bf6 19. Be3 Rc8 20. Rc1 b6
21. Nd2 Red8 22. f3 Qd7 23. Ne4 Bxe4 24. fxe4 Rf8 25. Qf2 Bd8 26. Rf1 Bc7 27.
b4 Qg4 28. Rb1 Ka8 29. Rb3 f6 30. Qb2 Bd8 31. Rc1 Qd7 32. c5 Rb8 33. cxd6 Qxd6
34. Rc6 Qd7 35. Qc2 f5 36. Rbc3 fxe4 37. d6 Rf1+ 38. Kb2 Qb7 39. Qd2 Rf7 40.
Kb3 Rd7 41. Qd5 Bf6 42. Qe6 Bd8 43. b5 Rf7 44. R3c4 Rf6 45. Qxe5 Rf1 46. Rc7
Bf6 47. Qe6 Rb1+ 48. Kc2 Rb2+ 49. Kc1 1-0

[Event "XV Konik Morski Rewala - Open B"]
[Site "Rewal"]
[Date "2010.08.24"]
[Round "5.18"]
[White "Knap, Jerzy"]
[Black "Starczewska, Dominika"]
[Result "0-1"]
[WhiteElo "1931"]
[BlackElo "1886"]
[PlyCount "128"]
[EventDate "2010.??.??"]

1. d4 Nf6 2. c4 c5 3. dxc5 Na6 4. Nc3 Nxc5 5. Nf3 g6 6. e3 Bg7 7. Be2 d6 8. O-O
O-O 9. Bd2 Nfe4 10. Qc2 Nxd2 11. Nxd2 Bd7 12. Bf3 Bc6 13. Bxc6 bxc6 14. Rac1 a5
15. b3 Qc7 16. Rfd1 Rfb8 17. Nde4 Nxe4 18. Qxe4 Bxc3 19. Rxc3 a4 20. Qd3 axb3
21. axb3 c5 22. Rb1 Rb4 23. Rc2 Ra3 24. Rcb2 Qb7 25. e4 Qa7 26. g3 Ra2 27. Qc2
Rxb2 28. Rxb2 Qa1+ 29. Qb1 Qxb1+ 30. Rxb1 f5 31. f3 fxe4 32. fxe4 Kf7 33. Kf2
Ke6 34. Ke3 Ke5 35. Kd3 Rb8 36. Rb2 g5 37. Kc3 Rf8 38. Re2 Rf3+ 39. Kc2 Kd4 40.
h4 gxh4 41. gxh4 Rc3+ 42. Kb2 Rh3 43. Kc2 Ke5 44. h5 Rxh5 45. Rd2 Rh4 46. Rg2
e6 47. Kd3 Rh3+ 48. Kc2 h5 49. Rg6 h4 50. Rh6 Rh1 51. Kd3 h3 52. Ke3 Rb1 53.
Rh5+ Kf6 54. Rh6+ Kf7 55. Kf4 Rxb3 56. Kg5 Rg3+ 57. Kf4 Rc3 58. Kg5 Rxc4 59.
Rh7+ Kg8 60. Rd7 h2 61. Kg6 Kf8 62. Kf6 Ke8 63. Rh7 Rxe4 64. Rxh2 Kd7 0-1

[Event "XV Konik Morski Rewala - Open B"]
[Site "Rewal"]
[Date "2010.08.24"]
[Round "5.20"]
[White "Najdzionek, Boleslaw"]
[Black "Korcz, Daniel"]
[Result "1/2-1/2"]
[WhiteElo "1924"]
[BlackElo "1804"]
[PlyCount "94"]
[EventDate "2010.??.??"]

1. d4 d5 2. c4 c6 3. Nc3 Nf6 4. Nf3 e6 5. e3 Bd6 6. Bd3 O-O 7. b3 Nbd7 8. Bb2
Re8 9. O-O e5 10. dxe5 Nxe5 11. Nxe5 Bxe5 12. h3 dxc4 13. Bxc4 Qa5 14. Qc1 Bf5
15. f4 Bd6 16. Kh1 Bc5 17. Rf3 b5 18. Bf1 Qb6 19. Nd1 Nd5 20. Rg3 g6 21. a4 a5
22. axb5 cxb5 23. Qd2 Red8 24. Qe2 Bd7 25. Qf3 Bc6 26. e4 Nf6 27. Bxf6 Bxe4 28.
Qxe4 Qxf6 29. Rb1 Re8 30. Qc2 Qd4 31. Nf2 Qxf2 32. Qxf2 Bxf2 33. Rf3 Re1 34.
Rxe1 Bxe1 35. Bxb5 Rc8 36. g4 Rc3 37. Kg2 Kf8 38. Rxc3 Bxc3 39. Kf3 Ke7 40. Ke4
Kd6 41. g5 f6 42. Bc4 fxg5 43. fxg5 Bd2 44. Bg8 Bxg5 45. Bxh7 Ke6 46. Bxg6 Kf6
47. Be8 Bd2 1/2-1/2

[Event "XV Konik Morski Rewala - Open B"]
[Site "Rewal"]
[Date "2010.08.24"]
[Round "5.21"]
[White "Mackiewicz, Piotr"]
[Black "Kubica, Kamil"]
[Result "1/2-1/2"]
[WhiteElo "1764"]
[BlackElo "1917"]
[PlyCount "80"]
[EventDate "2010.??.??"]

1. d4 Nf6 2. c4 g6 3. Nc3 d5 4. Nf3 Bg7 5. Bg5 Ne4 6. Bh4 Nxc3 7. bxc3 c5 8. e3
Qa5 9. Qd2 Bf5 10. cxd5 cxd4 11. cxd4 Qxd5 12. Be2 Nc6 13. O-O e5 14. dxe5 Qxd2
15. Nxd2 Bxe5 16. Rac1 O-O 17. Nc4 Bc7 18. Bf3 Be6 19. Bxc6 bxc6 20. Nd2 Rac8
21. Rc2 f5 22. Rfc1 Bd5 23. Be7 Rfe8 24. Bc5 Bb6 25. a3 Rcd8 26. Nf3 Be4 27.
Rc3 Rd7 28. Nd4 f4 29. Bxb6 axb6 30. Nxc6 fxe3 31. Rxe3 Rc7 32. f3 Rxc6 33.
Rce1 Ra8 34. fxe4 Kf7 35. e5 Ra5 36. Rf1+ Ke7 37. Ref3 Rxe5 38. Rf7+ Kd6 39.
Rxh7 Re6 40. h3 Rc3 1/2-1/2

[Event "XV Konik Morski Rewala - Open B"]
[Site "Rewal"]
[Date "2010.08.24"]
[Round "5.22"]
[White "Milanowski, Jan"]
[Black "Mirski, Michal"]
[Result "0-1"]
[WhiteElo "2049"]
[BlackElo "1700"]
[PlyCount "110"]
[EventDate "2010.??.??"]

1. e4 c5 2. d3 Nc6 3. c3 d5 4. Nd2 Nf6 5. Ngf3 Bg4 6. Be2 e6 7. h3 Bh5 8. O-O
Be7 9. Re1 O-O 10. Nh2 Bg6 11. Bf1 dxe4 12. dxe4 Nxe4 13. Nxe4 Qxd1 14. Rxd1
Bxe4 15. Rd7 Rab8 16. Bf4 Rfd8 17. Rad1 Bd5 18. Rxd8+ Rxd8 19. b3 Bf6 20. Rc1
Ne5 21. Be3 b6 22. f4 Nc6 23. Ng4 Bh4 24. Kh2 Be4 25. g3 Be7 26. Nf2 Bf3 27.
Bb5 Bf6 28. Ng4 Bxg4 29. hxg4 Ne7 30. Rc2 Nd5 31. Bd2 g6 32. a4 Bg7 33. Bc4 Nf6
34. Be2 Ne4 35. Be1 f5 36. g5 e5 37. Kg2 exf4 38. gxf4 h6 39. gxh6 Bxh6 40. Kf3
Kf7 41. b4 g5 42. fxg5 Bxg5 43. Bc4+ Kf6 44. bxc5 Nxc5 45. a5 Ne4 46. axb6 axb6
47. Rb2 Rd6 48. Be2 Rc6 49. c4 Re6 50. Rb5 Bc1 51. Rd5 Ng5+ 52. Kf2 Nh3+ 53.
Kg3 Rxe2 54. Bc3+ Kg5 55. Kxh3 Re3+ 0-1

[Event "XV Konik Morski Rewala - Open B"]
[Site "Rewal"]
[Date "2010.08.24"]
[Round "5.23"]
[White "Krupa, Jerzy"]
[Black "Faron, Rafal"]
[Result "0-1"]
[WhiteElo "1947"]
[BlackElo "1760"]
[PlyCount "90"]
[EventDate "2010.??.??"]

1. e4 c5 2. Nf3 e6 3. c4 a6 4. Nc3 Qc7 5. g3 b6 6. Bg2 Bb7 7. O-O d6 8. d3 Nf6
9. Be3 Be7 10. Rc1 O-O 11. Qd2 Nbd7 12. Ne1 Rfd8 13. f4 Ng4 14. f5 Nxe3 15.
Qxe3 Bf6 16. Kh1 h6 17. Rc2 Bd4 18. Qe2 e5 19. Nd5 Bxd5 20. cxd5 Rac8 21. Bf3
b5 22. b3 a5 23. g4 a4 24. Qg2 axb3 25. axb3 g5 26. fxg6 fxg6 27. g5 h5 28. Qh3
Rf8 29. Ng2 Rf7 30. Ra2 c4 31. bxc4 bxc4 32. Rc1 c3 33. Ra6 Qb8 34. Rc6 Rxc6
35. dxc6 Nf8 36. Nh4 Qb2 37. Qf1 Be3 38. Rb1 Qd2 39. Nf5 gxf5 40. exf5 c2 41.
Re1 Kh8 42. Bd5 Rc7 43. g6 Qxe1 44. Qxe1 c1=Q 45. Qxc1 Bxc1 0-1

[Event "XV Konik Morski Rewala - Open B"]
[Site "Rewal"]
[Date "2010.08.24"]
[Round "5.24"]
[White "Biszof, Henryk"]
[Black "Miechowicz, Witold"]
[Result "0-1"]
[WhiteElo "1739"]
[BlackElo "1935"]
[PlyCount "92"]
[EventDate "2010.??.??"]

1. e4 e5 2. Nf3 Nf6 3. Nc3 Bb4 4. Bc4 d6 5. d3 h6 6. Bd2 c6 7. a3 Ba5 8. h3 O-O
9. O-O Be6 10. Ba2 a6 11. b4 Bc7 12. d4 Bxa2 13. Rxa2 exd4 14. Nxd4 d5 15. exd5
Nxd5 16. Nce2 Nd7 17. c4 N5f6 18. c5 Ne5 19. Bf4 Nd5 20. Bg3 Qd7 21. Rc2 Rad8
22. Qd2 Rfe8 23. Rd1 Qe7 24. Nf5 Qf6 25. Ned4 Rd7 26. Qc1 Red8 27. Rf1 Ne7 28.
Rc3 Rxd4 29. Nxd4 Rxd4 30. Re1 Nd5 31. Rb3 Kf8 32. Qc2 g6 33. Qe2 Nf4 34. Qe3
Rc4 35. h4 g5 36. hxg5 hxg5 37. Qd2 Rd4 38. Qe3 Kg7 39. Kf1 Rd8 40. Bxf4 gxf4
41. Qe2 Rh8 42. Qc2 f3 43. gxf3 Rh1+ 44. Ke2 Rxe1+ 45. Kxe1 Nxf3+ 46. Kf1 Nd4
0-1

[Event "XV Konik Morski Rewala - Open B"]
[Site "Rewal"]
[Date "2010.08.24"]
[Round "5.25"]
[White "Zochowski, Kacper"]
[Black "Gotin, Evgeniy"]
[Result "1-0"]
[WhiteElo "1887"]
[BlackElo "1696"]
[PlyCount "90"]
[EventDate "2010.??.??"]

1. e4 c5 2. Nf3 g6 3. d4 cxd4 4. Nxd4 Bg7 5. c3 Nc6 6. Be3 Nf6 7. f3 O-O 8. Bc4
Ne5 9. Bb3 d5 10. exd5 Nxd5 11. Bf2 b6 12. O-O e6 13. Re1 Ba6 14. Bc2 Rc8 15.
g3 Nc4 16. b3 Nd6 17. Bd3 Bxd3 18. Qxd3 Qc7 19. c4 Nb4 20. Qd2 Nc6 21. Nc3 Rfd8
22. Nxc6 Qxc6 23. Rad1 Qxf3 24. Nb5 Nb7 25. Qc2 a6 26. Na7 Ra8 27. Bxb6 Rd6 28.
Rxd6 Nxd6 29. Qg2 Qxg2+ 30. Kxg2 Nc8 31. Nxc8 Rxc8 32. Rd1 f5 33. c5 Kf8 34.
Rd7 h6 35. Bc7 Bf6 36. Bd6+ Ke8 37. Ra7 Rc6 38. b4 Bc3 39. Re7+ Kd8 40. a4 Kc8
41. Re8+ Kb7 42. b5 axb5 43. axb5 Rc8 44. Re7+ Ka8 45. c6 Ba5 1-0

[Event "XV Konik Morski Rewala - Open B"]
[Site "Rewal"]
[Date "2010.08.24"]
[Round "5.26"]
[White "Murawko, Katarzyna"]
[Black "Cyra, Dariusz"]
[Result "0-1"]
[WhiteElo "1734"]
[BlackElo "1874"]
[PlyCount "68"]
[EventDate "2010.??.??"]

1. e4 d6 2. d4 Nf6 3. Nc3 g6 4. Nf3 Bg7 5. Be2 O-O 6. O-O Bg4 7. h3 Bxf3 8.
Bxf3 Nc6 9. Be3 e5 10. d5 Ne7 11. Ne2 Nd7 12. c4 f5 13. b4 f4 14. Bd2 Kh8 15.
Qc2 b6 16. a4 h5 17. a5 Ng8 18. Nc3 Rf7 19. Qd1 Bf8 20. Ne2 Rh7 21. Bc3 Ngf6
22. Nc1 g5 23. Nd3 Qe8 24. Be2 Nxe4 25. Bb2 Qg6 26. Re1 Ndf6 27. axb6 cxb6 28.
Bf3 g4 29. hxg4 hxg4 30. Bxe4 Nxe4 31. Nxf4 Qh6 32. Nh3 gxh3 33. Rxe4 hxg2 34.
f3 Qh2+ 0-1

[Event "XV Konik Morski Rewala - Open B"]
[Site "Rewal"]
[Date "2010.08.24"]
[Round "5.27"]
[White "Szolc, Grzegorz"]
[Black "Gola, Karolina"]
[Result "1/2-1/2"]
[WhiteElo "1678"]
[BlackElo "1862"]
[PlyCount "31"]
[EventDate "2010.??.??"]

1. e4 e5 2. Nf3 Nc6 3. Bb5 Nge7 4. O-O g6 5. d4 exd4 6. Nxd4 Bg7 7. c3 O-O 8.
Bg5 a6 9. Ba4 b5 10. Nxc6 dxc6 11. Bb3 Qe8 12. Nd2 c5 13. a4 Bb7 14. Be3 c4 15.
Bc2 f5 16. f3 1/2-1/2

[Event "XV Konik Morski Rewala - Open B"]
[Site "Rewal"]
[Date "2010.08.24"]
[Round "5.28"]
[White "Kuspak, Aleksander"]
[Black "Skiba, Marta"]
[Result "1-0"]
[WhiteElo "1832"]
[BlackElo "1691"]
[PlyCount "101"]
[EventDate "2010.??.??"]

1. e4 e5 2. Nf3 Nc6 3. Nc3 Nf6 4. a3 d5 5. Bb5 d4 6. Ne2 Bd6 7. d3 O-O 8. h3
Ne7 9. Bg5 Ng6 10. g4 c5 11. a4 a6 12. Bc4 Bd7 13. a5 Bb5 14. b3 Bc7 15. Bd2
Ne8 16. h4 Bxc4 17. bxc4 Nf4 18. Nxf4 exf4 19. Qc1 Nf6 20. Rg1 Nd7 21. h5 Re8
22. Kd1 Qf6 23. g5 Qd6 24. Rg4 Qe6 25. Rh4 f5 26. gxf6 Nxf6 27. Qa3 Ng4 28. Kc1
Bd8 29. Rh1 Qd6 30. Rf1 Ne5 31. Nxe5 Qxe5 32. Rb1 Rb8 33. f3 Bf6 34. Kb2 Qc7
35. Ka2 Be5 36. Rb6 Rf8 37. Rg1 Rf6 38. Rbb1 Qe7 39. Rg4 Bd6 40. Re1 Qe5 41.
Reg1 Rf7 42. Rg5 Qe7 43. Rd5 Rc8 44. Rg4 Rc6 45. Qb2 Qd8 46. Qa3 Qe7 47. c3 b5
48. axb6 Rxb6 49. cxd4 cxd4 50. c5 Rc6 51. Rxd6 1-0

[Event "XV Konik Morski Rewala - Open B"]
[Site "Rewal"]
[Date "2010.??.??"]
[Round "5.29"]
[White "Panczuk, Joanna"]
[Black "Statucki, Maciej"]
[Result "1/2-1/2"]
[WhiteElo "1651"]
[BlackElo "1832"]
[PlyCount "32"]
[EventDate "2010.??.??"]

1. e4 c5 2. Nf3 Nc6 3. c3 d5 4. exd5 Qxd5 5. d4 Bg4 6. Be2 cxd4 7. cxd4 e6 8.
O-O Nf6 9. Nc3 Qd6 10. Be3 Be7 11. h3 Bh5 12. Qd2 O-O 13. Rfd1 Rfd8 14. Rac1
Rac8 15. a3 a6 16. b4 b5 1/2-1/2

[Event "XV Konik Morski Rewala - Open B"]
[Site "Rewal"]
[Date "2010.08.24"]
[Round "5.30"]
[White "Nun, Joanna"]
[Black "Galaszewski, Patryk"]
[Result "0-1"]
[WhiteElo "1564"]
[BlackElo "1829"]
[PlyCount "92"]
[EventDate "2010.??.??"]

1. e4 d6 2. d4 Nf6 3. Nc3 c6 4. Bd3 g6 5. Nge2 e5 6. dxe5 dxe5 7. Bg5 Bg7 8.
Qd2 h6 9. Bh4 Be6 10. f4 exf4 11. e5 Ne4 12. Bxd8 Nxd2 13. Bf6 Bxf6 14. exf6
Nc4 15. Bxc4 Bxc4 16. Nxf4 g5 17. Nh5 O-O 18. O-O-O Kh7 19. Rhe1 Kg6 20. g4 Be6
21. h3 Na6 22. a3 Rad8 23. Rxd8 Rxd8 24. Rf1 Nc7 25. Ng7 Bc4 26. Rf2 Ne8 27.
Nf5 Be6 28. Ne7+ Kh7 29. Ne4 Bd5 30. Nc3 Rd7 31. Ncxd5 cxd5 32. Rf5 Nxf6 33.
Rxf6 Rxe7 34. Rd6 Re3 35. Rxd5 Rxh3 36. Rd7 Rf3 37. Rxb7 h5 38. gxh5 g4 39. Rb4
g3 40. Rg4 f5 41. Rg5 Kh6 42. Rg8 f4 43. c4 Rf2 44. c5 g2 45. c6 Rf1+ 46. Kd2
g1=Q 0-1

[Event "XV Konik Morski Rewala - Open B"]
[Site "Rewal"]
[Date "2010.08.24"]
[Round "5.31"]
[White "Czornik, Janusz"]
[Black "Kiolbasa, Oliwia"]
[Result "1/2-1/2"]
[WhiteElo "1814"]
[BlackElo "1593"]
[PlyCount "89"]
[EventDate "2010.??.??"]

1. e4 c5 2. Nf3 e6 3. d4 cxd4 4. Nxd4 a6 5. Nc3 b5 6. Bd3 Bb7 7. O-O d6 8. Qe2
Nf6 9. Kh1 Nbd7 10. f4 Qc7 11. Bd2 Be7 12. Rae1 Nc5 13. a3 Rc8 14. b4 Nxd3 15.
cxd3 O-O 16. Rf3 Rfd8 17. Rg3 Bf8 18. Rc1 Qe7 19. Rh3 g6 20. Qf3 Bg7 21. Nde2
Nd7 22. Qf2 Nf8 23. Be3 Rc6 24. Bd4 e5 25. fxe5 dxe5 26. Bc5 Qf6 27. Rf3 Qe6
28. Nd5 Re8 29. Nec3 Rcc8 30. Rh3 h5 31. Qd2 Nd7 32. Be3 Kh7 33. Rf3 f6 34.
Rff1 Qd6 35. Qf2 Qe6 36. Qh4 Qg4 37. Qxg4 hxg4 38. Rf2 Bxd5 39. Nxd5 Rxc1+ 40.
Bxc1 Rc8 41. Be3 Bh6 42. Bc5 Kg7 43. Rc2 Kf7 44. g3 Bf8 45. Ne3 1/2-1/2

[Event "XV Konik Morski Rewala - Open B"]
[Site "Rewal"]
[Date "2010.08.24"]
[Round "5.33"]
[White "Kwasniewski, Pawel"]
[Black "Mostowski, Boguslaw"]
[Result "1/2-1/2"]
[WhiteElo "1478"]
[BlackElo "1779"]
[PlyCount "67"]
[EventDate "2010.??.??"]

1. d4 Nf6 2. Nf3 e6 3. Bg5 d5 4. Nbd2 Be7 5. e3 Nbd7 6. Bd3 b6 7. O-O Bb7 8. c3
Ne4 9. Bxe7 Qxe7 10. Qc2 f5 11. c4 c5 12. cxd5 Nxd2 13. Nxd2 Bxd5 14. dxc5 Qxc5
15. Qxc5 Nxc5 16. Bb5+ Ke7 17. b4 Nd7 18. Bxd7 Kxd7 19. Rfc1 Rhc8 20. a3 Rxc1+
21. Rxc1 Rc8 22. Rxc8 Kxc8 23. f3 Kd7 24. e4 fxe4 25. fxe4 Bc6 26. Kf2 e5 27.
Ke3 Ke6 28. Nf3 h6 29. Nh4 Kf6 30. Nf5 Bd7 31. Nd6 g6 32. Nc4 Ke6 33. g3 Bb5
34. Nd2 1/2-1/2

[Event "XV Konik Morski Rewala - Open B"]
[Site "Rewal"]
[Date "2010.08.24"]
[Round "5.17"]
[White "Somyk, Marcin"]
[Black "Czaja, Roman"]
[Result "1-0"]
[WhiteElo "2059"]
[BlackElo "1721"]
[PlyCount "49"]
[EventDate "2010.??.??"]

1. e4 d6 2. d4 g6 3. Nc3 Bg7 4. f4 c6 5. Nf3 Nd7 6. Be3 Ngf6 7. Bd3 O-O 8. O-O
b5 9. h3 Nb6 10. Qe2 Nfd7 11. g4 b4 12. Nd1 Bb7 13. Qf2 e6 14. f5 exf5 15. gxf5
gxf5 16. Ng5 Qf6 17. Qh4 Qh6 18. Qg3 Qg6 19. exf5 Qh5 20. f6 Nxf6 21. Rxf6 Kh8
22. Rf4 f5 23. Bxf5 Nd5 24. Rh4 Nxe3 25. Nxe3 1-0